000 00503cam a2200169ua 4500
020 _a0 87055 177 9
041 _aeng
_h
082 _a664.902
_bFAB/PR
100 _aFabricante, Thomas .
245 _aPractical meat cutting and merchandising vol-2 pork,lamb,veal /
_cThomas Fabricante.
_hTextual Documents
260 _aConnecticut :
_bA V I Publishing company ,
_c1982.
300 _a206 :
_b506 ; .
504 _a
700 1 _aSultan, William j .
942 _cBK
999 _c10513
_d10513